Bob's birthday / (Record no. 9932)

MARC details
000 -LEADER
fixed length control field 00998nam a22002777a 4500
001 - CONTROL NUMBER
control field 9932
003 - CONTROL NUMBER IDENTIFIER
control field FISKH
005 - DATE AND TIME OF LATEST TRANSACTION
control field 20260317122516.0
008 - FIXED-LENGTH DATA ELEMENTS--GENERAL INFORMATION
fixed length control field 260317b cb ||||| |||| 00| 0 eng d
020 ## - INTERNATIONAL STANDARD BOOK NUMBER
International Standard Book Number 9780689845451
040 ## - CATALOGING SOURCE
Original cataloging agency FISKH
Language of cataloging eng
Transcribing agency FISKH
Modifying agency FISKH
050 ## - LIBRARY OF CONGRESS CALL NUMBER
Classification number PZ7 .R245
082 ## - DEWEY DECIMAL CLASSIFICATION NUMBER
Classification number 823.914
100 ## - MAIN ENTRY--PERSONAL NAME
Personal name Redmond , Diane
245 ## - TITLE STATEMENT
Title Bob's birthday /
Statement of responsibility, etc. based on the script by Diane Redmond with thanks to Hot Animation
260 ## - PUBLICATION, DISTRIBUTION, ETC.
Place of publication, distribution, etc. New York :
Name of publisher, distributor, etc. Simon Spotlight ,
Date of publication, distribution, etc. 1999.
300 ## - PHYSICAL DESCRIPTION
Extent 24 unnumbered pages :
Other physical details color illustrations ;
Dimensions 20 X 20cm .
490 ## - SERIES STATEMENT
Series statement Bob the Builder
505 ## - FORMATTED CONTENTS NOTE
Formatted contents note E <br/>
520 ## - SUMMARY, ETC.
Summary, etc. "Can they surprise Bob? Yes, they can! Poor Bob! He can't understand why nobody has remembered his birthday. Little does he know that Wendy is planning a special surprise birthday party for him."<br/>
521 8# - TARGET AUDIENCE NOTE
Target audience note 200 <br/>
Source Lexile estimate <br/>
521 8# - TARGET AUDIENCE NOTE
Target audience note E <br/>
Source Raz-Plus <br/>
650 ## - SUBJECT ADDED ENTRY--TOPICAL TERM
Topical term or geographic name entry element Construction
Form subdivision Children's Books
942 ## - ADDED ENTRY ELEMENTS (KOHA)
Source of classification or shelving scheme Dewey Decimal Classification
Koha item type Books
Suppress in OPAC No
Holdings
Withdrawn status Lost status Source of classification or shelving scheme Damaged status Not for loan Collection Home library Current library Shelving location Date acquired Total Checkouts Full call number Barcode Date last seen Date last checked out Price effective from Koha item type
    Dewey Decimal Classification     Juvenile Fiction Footprints International School Library Network Toul Tom Poung Campus Footprints International School Library Network Toul Tom Poung Campus TTP Primary Green Bookshelves 03/17/2026 1 RED 823.914 PZ7 .R245 FISBK00855 04/23/2026 03/26/2026 03/17/2026 Books